| 000 | 01134ntaaa2200289 4500 | ||
|---|---|---|---|
| 003 | 01 | ||
| 005 | 20251027203324.0 | ||
| 008 | 0714s1973 ag 01 | ||
| 040 |
_aAR-BaBN _bspa _cAR-BaBN _eaacr _dRIC |
||
| 082 | _a266 G13 | ||
| 100 |
_aGalleguillos Cuello, Juan Alejandro _936711 |
||
| 245 |
_aBases y elementos para una ética misional al mundo indígena andino / _cJuan Alejandro Galleguillos Cuello |
||
| 260 |
_aSantiago de Chile, _c2014 |
||
| 300 |
_a58 h. ; _c28 cm. |
||
| 500 | _a"En convenio con UNAPAB de Chile" | ||
| 500 | _aIncluye notas a pie de página bibliográficas | ||
| 500 | _aBibliografía: h. 57-58 | ||
| 502 | _a(maestría)-Seminario Internacional Teológico Bautista, Buenos Aires, 2014 | ||
| 505 | _tI. Antecedentes preliminares | ||
| 505 | _tII. Planteamientos éticos-teológicos de la relación evangelización y cultura | ||
| 505 | _tIII. Revelación de Dios en las culturas como base ética de la evangelización | ||
| 505 | _tIV. Elementos de una ética misional al mundo indígena | ||
| 650 | _aTESIS | ||
| 650 |
_aMISIONOLOGIA _96544 |
||
| 650 |
_aPUEBLOS ANDINOS _936712 |
||
| 942 | _cBK | ||
| 999 |
_c28726 _d28726 |
||